| 000 | 00443nam a2200157Ia 4500 | ||
|---|---|---|---|
| 008 | 210716s2009 xx 000 0 und d | ||
| 020 | _a9780749457006 | ||
| 041 | _aeng | ||
| 082 | _a658.802 HILD | ||
| 100 | _aHill, Dan. | ||
| 245 |
_aEmotionomics: leveraging emotions for business success. _bLeveraging emotions for business success. |
||
| 250 | _a1 | ||
| 260 |
_aNew Delhi _bKogan Page _c2009 |
||
| 300 | _axix,345 | ||
| 650 | _aMarketing | ||
| 999 |
_c207759 _d207759 |
||